Analýza dopravnej logistiky vo vybranom podniku diplomová práca

Na minha lista:
Detalhes bibliográficos
Autor principal: Fapšo, Marek
Autor Corporativo: Fakulta podnikového manažmentu EU. Katedra manažmentu výroby a logistiky - zrušená
Outros Autores: Richnák, Patrik, 1988-
Formato: Livro
Idioma:eslovaco
Publicado em: Bratislava 2020
Tags: Adicionar Tag
Sem tags, seja o primeiro a adicionar uma tag!

MARC

LEADER 00000nbm a2200000 4500
001 0266134
005 20201123090932.3
041 0 |a slo 
044 |a SK 
245 1 0 |a Analýza dopravnej logistiky vo vybranom podniku  |b diplomová práca  |c Marek Fapšo ; školiteľ: Patrik Richnák 
264 1 |a Bratislava  |c 2020 
300 |a 71 s. 
100 1 |a Fapšo, Marek 
700 1 |a Richnák, Patrik, 1988- 
710 2 |a Fakulta podnikového manažmentu EU. Katedra manažmentu výroby a logistiky - zrušená